BUILDING A COMPREHENSIVE IT SECURITY PROGRAM (Record no. 216648)

MARC details
000 -LEADER
fixed length control field 00509nam a22001577a 4500
008 - FIXED-LENGTH DATA ELEMENTS--GENERAL INFORMATION
fixed length control field 260225b |||||||| |||| 00| 0 eng d
020 ## - INTERNATIONAL STANDARD BOOK NUMBER
International Standard Book Number 978-1-4842-2052-8
100 ## - MAIN ENTRY--PERSONAL NAME
Personal name WITTKOP, JEREMY
245 ## - TITLE STATEMENT
Title BUILDING A COMPREHENSIVE IT SECURITY PROGRAM
Remainder of title PRACTICAL GUIDELINES AND BEST PRACTICES
260 ## - PUBLICATION, DISTRIBUTION, ETC.
Place of publication, distribution, etc. NEW YORK
Name of publisher, distributor, etc. APRESS MEDIA
Date of publication, distribution, etc. 2016
300 ## - PHYSICAL DESCRIPTION
Extent XIX, 195P.
500 ## - GENERAL NOTE
General note INCLUDES INDEX
650 ## - SUBJECT ADDED ENTRY
Topical term or geographic name entry element 1. INFORMATION TECHNOLOGY - SECURITY MEASURES - MANAGEMENT
942 ## - ADDED ENTRY ELEMENTS (KOHA)
Source of classification or shelving scheme Library of Congress Classification
Koha item type Long Loan Book
Holdings
Withdrawn status Lost status Source of classification or shelving scheme Damaged status Not for loan Collection Home library Current library Shelving location Date acquired Inventory number Total checkouts Full call number Barcode Date last seen Copy number Price effective from Koha item type Date last checked out
    Library of Congress Classification     Science & Technology Kisii University Library Kisii University Library On Display 02/25/2026 111798   HD 30.2 .W58 2016 a001123 02/25/2026 1 02/25/2026 Long Loan Book  
    Library of Congress Classification     Science & Technology Kisii University Library Kisii University Library On Display 02/25/2026 111799   HD 30.2 .W58 2016 a001121 02/25/2026 2 02/25/2026 Long Loan Book  
    Library of Congress Classification     Science & Technology Kisii University Library Kisii University Library On Display 02/25/2026 111800   HD 30.2 .W58 2016 a001122 02/25/2026 3 02/25/2026 Long Loan Book  
    Library of Congress Classification     Science & Technology Kisii University Library Kisii University Library On Display 02/25/2026 111801   HD 30.2 .W58 2016 a001119 02/25/2026 4 02/25/2026 Long Loan Book 04/07/2026